Jeux vidéo en image - I - Statistiques

Statistiques générales
  • Ce quiz a été pris 86 fois
  • Le résultat moyen est 5 sur 20
Statistiques - réponses
Par images Réponse % Correct
Inazuma Eleven Strikers
90%
Indiana Jones et le Cercle Ancien
86%
It takes two
84%
Injustice 2
63%
Infamous
36%
Inside
33%
Immortals Fenyx Rising
19%
Inscryption
15%
INDIKA
10%
Insurgency: Sandstorm
10%
I Am Bread
5%
Iconoclasts
3%
I Have No Mouth, and I Must Scream
3%
Islanders
3%
In Silence
1%
Into the Breach
1%
Iris.Fall
1%
Ironsight
1%
Imperator: Rome
0%
In Sound Mind
0%
Aucun quiz correspondant
Distribution des résultats
% des personnes avec chaque résultat
Percentile par nombre de réponses
Votre historique - résultats
Vous n’avez pas pris ce quiz